000 00496cam a22001217a 4500
008 180718b1999 xxu||||| |||| 00| 0 eng d
082 _aR22068x54 In2/1996-97/E
245 _aOccupational wage survey (fifth round): report on nine engineering industries (1996-97)
_cby Labour Bureau, Ministry of Labour
260 _aDelhi
_bThe Controller of Publications
_c1999
300 _a293+p.
650 _aWage surveys - Industrial engineering - India
700 _aIndia. Ministry of Labour. Labour Bureau of
999 _c481203
_d481203